The Psychology problem solver /
Sparad:
| Övriga upphov: | |
|---|---|
| Materialtyp: | Bok |
| Språk: | engelska |
| Utgiven: |
Nueva York, EUA :
Research and Education Association,
1986, c1980
|
| Upplaga: | 2a edición |
| Serie: | (Problem Solver)
|
| Ämnen: | |
| Taggar: |
Inga taggar, Lägg till första taggen!
|
MARC
| LEADER | 00000nam^a2200000^a^4500 | ||
|---|---|---|---|
| 001 | 000049808 | ||
| 005 | 20250521000000.0 | ||
| 009 | 20260310090218.652 | ||
| 020 | |a 0-87891-523-0 | ||
| 037 | |a Acervo ITESO - Biblioteca | ||
| 041 | |a ING | ||
| 082 | |a 150. |b FOG | ||
| 100 | |a Fogiel, Max |e (dir.) | ||
| 245 | 1 | 4 | |a The Psychology problem solver / |c M. Fogiel (dir.). |
| 250 | |a 2a edición |b revisada | ||
| 264 | 4 | |a Nueva York, EUA : |b Research and Education Association, |c 1986, c1980 | |
| 300 | |a 1042 p. | ||
| 336 | |a texto |b txt |2 rdacontenido | ||
| 337 | |a sin mediación |b n |2 rdamedio | ||
| 338 | |a volumen |b nc |2 rdasoporte | ||
| 440 | 1 | |a (Problem Solver) | |
| 649 | |a XX | ||
| 650 | |a Psicología | ||
| 650 | |a Psicología Clínica | ||
| 650 | |a Psicoterapia | ||
| 650 | |a Psicología Experimental | ||
| 650 | |a Psicología Social | ||
| 650 | |a Psicología Evolutiva | ||
| 650 | |a Psicología Diferencial | ||
| 650 | |a Psicología Laboral | ||
| 650 | |a Psicología Educativa | ||
| 650 | |a Metodología | ||
| 910 | |a Fondo General | ||
| 920 | |a Impresos - Libros | ||
| 930 | |a Colección General | ||
| 905 | |a 101 | ||
| 901 | |a 0500005706 |b IT1 |c ACC |u 20250521 | ||
| 902 | |a https://opac.biblio.iteso.mx/vufind/Record/000049808 | ||